|
|
|
|
| LEADER |
00000nam0a2200000 4500 |
| 001 |
276730 |
| 005 |
20231031231211.0 |
| 020 |
|
|
|a RU
|b 86-18654
|
| 035 |
|
|
|a (RuTPU)RU\TPU\book\300003
|
| 090 |
|
|
|a 276730
|
| 100 |
|
|
|a 20141125d1986 km y0rusy5003 ca
|
| 101 |
0 |
|
|a rus
|
| 102 |
|
|
|a BY
|
| 105 |
|
|
|a y z 001zy
|
| 200 |
1 |
|
|a Альтернативные испытания малых выборок на надежность
|f В. М. Скрипник, А. Л. Гречин
|g под ред. А. М. Широкова
|
| 210 |
|
|
|a Минск
|c Наука и техника
|d 1986
|
| 215 |
|
|
|a 240 с.
|
| 320 |
|
|
|a Библиогр.: с. 225-232
|
| 320 |
|
|
|a Предм. указ.: с. 233-236
|
| 606 |
1 |
|
|a Технические системы сложные
|x Надежность
|2 stltpush
|3 (RuTPU)RU\TPU\subj\60084
|
| 610 |
1 |
|
|a изделия
|
| 610 |
1 |
|
|a испытания
|
| 610 |
1 |
|
|a планирование
|
| 610 |
1 |
|
|a математическая модель
|
| 610 |
1 |
|
|a биноминальное распределение
|
| 610 |
1 |
|
|a интервальное оценивание
|
| 610 |
1 |
|
|a планирование
|
| 610 |
1 |
|
|a специальные вопросы
|
| 675 |
|
|
|a 62-192
|v 4
|
| 700 |
|
1 |
|a Скрипник
|b В. М.
|g Виталий Михайлович
|
| 701 |
|
1 |
|a Гречин
|b А. Л.
|g Александр Леонидович
|
| 702 |
|
1 |
|a Широков
|b А. М.
|4 340
|
| 801 |
|
0 |
|a RU
|b RuMRKP
|c 19950704
|g psbo
|
| 801 |
|
1 |
|a RU
|b 63413507
|c 20141125
|
| 801 |
|
2 |
|a RU
|b 63413507
|c 20170331
|g RCR
|
| 942 |
|
|
|c BK
|